LIBRARY ONLINE CATALOGUE

Britannia waives the rules / (Record no. 13399)

MARC details
000 -LEADER
fixed length control field 00628nam a22002052 4500
001 - CONTROL NUMBER
control field 0000011790
005 - DATE AND TIME OF LATEST TRANSACTION
control field 20151217155847.0
008 - FIXED-LENGTH DATA ELEMENTS--GENERAL INFORMATION
fixed length control field 090108s xx 000 0 eng d
040 ## - CATALOGING SOURCE
Original cataloging agency KABU
Transcribing agency KABU
100 1# - MAIN ENTRY--PERSONAL NAME
Personal name Culwick, A. T.
-- 0000148746
245 10 - TITLE STATEMENT
Title Britannia waives the rules /
Statement of responsibility, etc. A. T. Culwick.
250 ## - EDITION STATEMENT
Edition statement 1st ed.
260 ## - PUBLICATION, DISTRIBUTION, ETC. (IMPRINT)
Place of publication, distribution, etc. Port Elizabeth, South Africa :
Name of publisher, distributor, etc. Nasionale Boekhandel,
Date of publication, distribution, etc. 1963.
300 ## - PHYSICAL DESCRIPTION
Extent 112 p.
650 #0 - SUBJECT ADDED ENTRY--TOPICAL TERM
Topical term or geographic name as entry element Nationalism
Geographic subdivision Africa.
-- 0000167801
651 #0 - SUBJECT ADDED ENTRY--GEOGRAPHIC NAME
Geographic name British-Africa
General subdivision History.
-- 0000167802
852 1# - LOCATION
-- p300 KES
908 ## - PUT COMMAND PARAMETER (RLIN)
Put command parameter 090108
950 ## - LOCAL HOLDINGS (RLIN)
-- 1
Holdings
Withdrawn status Lost status Source of classification or shelving scheme Not for loan Home library Current library Date acquired Total Checkouts Full call number Barcode Date last seen Price effective from Koha item type
    Library of Congress Classification   Kabarak, Main Campus Kabarak, Main Campus 17/12/2015   DT32 .C85 c. 1 15835 17/12/2015 17/12/2015 Africana Collection